| 000 | 00750nam a22002297a 4500 | ||
|---|---|---|---|
| 003 | 0 | ||
| 005 | 20241119144706.0 | ||
| 008 | 241119b xxu||||| |||| 00| 0 eng d | ||
| 020 | _a9780323795319 | ||
| 050 |
_aRT 98 _b.N54 2024 |
||
| 100 |
_aNies, Mary A., _eauthor. |
||
| 245 |
_aCommunity/public health nursing : _bpromoting the health of populations / _cMary A. Nies, Melanie McEwen. |
||
| 250 | _a8th ed. | ||
| 260 |
_aSt. Louis, Missouri : _bElsevier, _c2024. |
||
| 300 |
_axv, 780 p. : _bcol. ill. ; _c28 cm. |
||
| 504 | _aIncludes bibliographical references and index. | ||
| 650 | _aCommunity health nursing. | ||
| 650 | _aHealth promotion. | ||
| 650 | _aPublic health nursing. | ||
| 700 |
_aMcEwen, Melanie, _eauthor. |
||
| 942 |
_2lcc _cBK |
||
| 999 |
_c366773 _d366773 |
||